| 000 | 00589nam a2200169Ia 4500 | ||
|---|---|---|---|
| 003 | GCL | ||
| 008 | 140319s9999 xx 000 0 ara d | ||
| 040 |
_aGCL / _cGCL |
||
| 082 | 0 | 4 |
_aد _b050 _bم م |
| 245 | 1 | 0 | _aالمستقبل العربى ( يوليو 2006 - العدد 329 ) |
| 260 |
_aبيروت : _bمركز دراسات الوحدة العربية ، _c2006 |
||
| 650 | 0 | 4 | _aالنزاع العربى الاسرائيلى |
| 650 | 0 | 4 | _aابن خلدون |
| 650 | 0 | 4 | _aالثقافة السياسية |
| 650 | 0 | 4 | _aالصومال - الاحوال السياسية |
| 942 |
_2ddc _cCR |
||
| 999 |
_c8775 _d8775 |
||